[Event "FIDE World Rapid 2013"]
[Site "Khanty-Mansiysk RUS"]
[Date "2013.06.06"]
[Round "1.1"]
[White "Popov, Ivan RUS"]
[Black "Grischuk, Alexander"]
[Result "0-1"]
[WhiteTitle "GM"]
[BlackTitle "GM"]
[WhiteElo "2632"]
[BlackElo "2779"]
[WhiteFideId "4170350"]
[BlackFideId "4126025"]
[EventDate "2013.06.06"]

1. e4 g6 2. d4 d6 3. Nf3 Nf6 4. Nc3 Bg7 5. Be2 O-O 6. O-O a6 7. a4 e6 8. Be3 Nc6
9. h3 b6 10. Qd2 Bb7 11. Bh6 e5 12. Bxg7 Kxg7 13. Rfe1 Re8 14. Bf1 Nxd4 15. Nxd4
exd4 16. Qxd4 Qe7 17. Rad1 Qe5 18. Qxe5 Rxe5 0-1

[Event "FIDE World Rapid 2013"]
[Site "Khanty-Mansiysk RUS"]
[Date "2013.06.06"]
[Round "1.2"]
[White "Nepomniachtchi, Ian"]
[Black "Smirin, Ilia"]
[Result "1-0"]
[WhiteTitle "GM"]
[BlackTitle "GM"]
[WhiteElo "2717"]
[BlackElo "2663"]
[WhiteFideId "4168119"]
[BlackFideId "2801990"]
[EventDate "2013.06.06"]

1. e4 c5 2. Nf3 e6 3. d4 cxd4 4. Nxd4 a6 5. Nc3 Qc7 6. Qf3 Nc6 7. Nxc6 dxc6 8.
Bc4 Nf6 9. Bg5 Be7 10. a4 a5 11. O-O e5 12. Qe2 O-O 13. Kh1 h6 14. Bh4 Ng4 15.
Bg3 Bg5 16. h3 Nf6 17. Rad1 Re8 18. Bh2 h5 19. Rd3 Bf4 20. Rfd1 Bxh2 21. Kxh2
Be6 22. Bxe6 Rxe6 23. Qe3 Rae8 24. Kg1 Qe7 25. b3 Qb4 26. f3 g6 27. Qd2 Kg7 28.
Nb1 Qc5+ 29. Qf2 Qb4 30. Nd2 b5 31. Ra1 Ra8 32. Nb1 Ree8 33. Nc3 Reb8 34. Rad1
Rb7 35. Qe3 h4 36. Rd6 Rc8 37. Kh2 Nd5 38. exd5 Qxd6 39. Ne4 Qb8 40. d6 bxa4 41.
Qg5 axb3 42. cxb3 Rb5 43. Qf6+ Kg8 44. Qxh4 Kg7 45. Qf6+ Kg8 46. h4 Rd5 47. h5
gxh5 48. Qg5+ Kf8 49. Qh6+ 1-0

[Event "FIDE World Rapid 2013"]
[Site "Khanty-Mansiysk RUS"]
[Date "2013.06.06"]
[Round "1.6"]
[White "Rublevsky, Sergei"]
[Black "Kurnosov, Igor"]
[Result "1-0"]
[WhiteTitle "GM"]
[BlackTitle "GM"]
[WhiteElo "2695"]
[BlackElo "2657"]
[WhiteFideId "4115309"]
[BlackFideId "4142527"]
[EventDate "2013.06.06"]

1. e4 c5 2. Nf3 d6 3. d4 cxd4 4. Nxd4 Nf6 5. Nc3 e6 6. g3 a6 7. Bg2 Qc7 8. O-O
Nc6 9. Re1 Nd7 10. Nxc6 bxc6 11. Na4 Be7 12. b3 O-O 13. Bb2 Bb7 14. Qd4 Bf6 15.
Qd2 Rfd8 16. Rad1 Bxb2 17. Nxb2 Nf6 18. Nc4 d5 19. Qa5 Qe7 20. e5 dxc4 21. exf6
gxf6 22. bxc4 Rxd1 23. Rxd1 c5 24. Bxb7 Qxb7 25. Qxc5 Rc8 26. Qd4 f5 27. Qf6 Qe4
28. Rd8+ Rxd8 29. Qxd8+ Kg7 30. Qd3 Qe1+ 31. Kg2 Qa5 32. Qd4+ Kg6 33. c5 Qxa2
34. c3 Qe2 35. c6 e5 36. Qd5 e4 37. c7 Qf3+ 38. Kg1 Qxc3 39. Qd6+ f6 40. Qd7 e3
41. c8=Q exf2+ 42. Kxf2 Qb2+ 43. Ke3 Qe5+ 44. Kd2 1-0

[Event "FIDE World Rapid 2013"]
[Site "Khanty-Mansiysk RUS"]
[Date "2013.06.06"]
[Round "1.8"]
[White "Vitiugov, Nikita"]
[Black "Lagno, Kateryna"]
[Result "1/2-1/2"]
[WhiteTitle "GM"]
[BlackTitle "GM"]
[WhiteElo "2734"]
[BlackElo "2542"]
[WhiteFideId "4152956"]
[BlackFideId "14109336"]
[EventDate "2013.06.06"]

1. d4 Nf6 2. Nf3 g6 3. Bg5 Bg7 4. Nbd2 c5 5. c3 cxd4 6. cxd4 d5 7. e3 O-O 8. Bd3
Nc6 9. h3 Qb6 10. Qb3 Qxb3 11. Nxb3 Nb4 12. Bb1 Bf5 13. Bxf5 gxf5 14. Ke2 Rfc8
15. Rhc1 e6 16. Bxf6 Bxf6 17. a3 Nc6 18. Nc5 b6 19. Nd7 Bg7 20. Rc3 Ne7 21. Rac1
Rxc3 22. Rxc3 Rc8 23. g4 Rxc3 24. bxc3 fxg4 25. hxg4 Nc6 26. g5 b5 27. Kd3 Bf8
28. Nxf8 Kxf8 29. e4 Kg7 30. exd5 exd5 31. Nh4 f6 32. f4 fxg5 33. fxg5 Na5 34.
Nf5+ Kg6 35. Ne7+ Kxg5 36. Nxd5 Nc4 37. Nc7 Nxa3 38. d5 Kf6 39. d6 h5 40. Kd4 h4
41. Ke4 Nc4 42. Nxb5 a6 43. Nc7 Nxd6+ 44. Kf4 a5 45. Nd5+ Ke6 46. Nb6 Nb5 47.
Kg4 Nxc3 48. Kxh4 Kf5 49. Kg3 Ke4 50. Kf2 Kd3 51. Ke1 Kc2 52. Kf2 Nd1+ 53. Ke2
Nb2 54. Ke1 Kc3 55. Ke2 Kc2 56. Ke1 Nd3+ 57. Ke2 Ne5 58. Ke1 Nc6 59. Ke2 Ne7 60.
Ke3 Kc3 61. Ke2 Kc2 62. Ke3 Nc8 63. Na4 Kb3 64. Nc5+ Kb4 65. Kd4 Na7 66. Nd3+
Kb3 67. Nc5+ Kb4 68. Nd3+ Kb3 1/2-1/2

[Event "FIDE World Rapid 2013"]
[Site "Khanty-Mansiysk RUS"]
[Date "2013.06.06"]
[Round "1.9"]
[White "Kobalia, Mikhail"]
[Black "Moiseenko, Alexander"]
[Result "1-0"]
[WhiteTitle "GM"]
[BlackTitle "GM"]
[WhiteElo "2651"]
[BlackElo "2711"]
[WhiteFideId "4119150"]
[BlackFideId "14102560"]
[EventDate "2013.06.06"]

1. e4 c5 2. Nf3 Nc6 3. Bb5 e6 4. O-O Nge7 5. c3 a6 6. Ba4 b5 7. Bc2 Bb7 8. Qe2
d5 9. a4 b4 10. d3 Ng6 11. exd5 Qxd5 12. d4 Be7 13. Nbd2 cxd4 14. Be4 Qd7 15.
Nc4 Rd8 16. cxd4 O-O 17. Rd1 Qc7 18. b3 Bf6 19. Be3 Nce7 20. Bxb7 Qxb7 21. Bg5
Nd5 22. Bxf6 Nc3 23. Qd2 gxf6 24. Re1 Kg7 25. Ne3 f5 26. Rac1 Kh8 27. Nd1 Nd5
28. Ne3 Ndf4 29. d5 Nxd5 30. Nxd5 Rxd5 31. Qh6 Rg8 32. Rc4 Qe7 33. h4 Qf8 34.
Qxf8 Rxf8 35. Rxb4 a5 36. Rb7 Nf4 37. g3 Nd3 38. Rd1 Rfd8 39. Kf1 Nc5 40. Rxd5
Rxd5 41. Rxf7 Kg8 42. Ra7 Nxb3 43. Ng5 Rd4 44. Ra8+ 1-0

[Event "FIDE World Rapid 2013"]
[Site "Khanty-Mansiysk RUS"]
[Date "2013.06.06"]
[Round "1.11"]
[White "Dubov, Daniil"]
[Black "Vallejo Pons, Francisco"]
[Result "0-1"]
[WhiteTitle "GM"]
[BlackTitle "GM"]
[WhiteElo "2638"]
[BlackElo "2706"]
[WhiteFideId "24126055"]
[BlackFideId "2205530"]
[EventDate "2013.06.06"]

1. d4 Nf6 2. c4 b6 3. f3 Nc6 4. d5 Ne5 5. e4 e6 6. Nc3 Bb4 7. Be3 O-O 8. Rc1 c6
9. d6 Ne8 10. f4 Ng6 11. e5 f6 12. Nf3 fxe5 13. fxe5 Rxf3 14. Qxf3 Nxe5 15. Qg3
Bxd6 16. Qh3 Nf6 17. Be2 Ba6 18. b3 Ba3 19. Rc2 Qe7 20. O-O Bc5 21. Kh1 Rf8 22.
Bg5 h6 23. Bh4 Bd4 24. Ne4 g5 25. Nxf6+ Rxf6 0-1

[Event "FIDE World Rapid 2013"]
[Site "Khanty-Mansiysk RUS"]
[Date "2013.06.06"]
[Round "1.12"]
[White "Inarkiev, Ernesto"]
[Black "Artemiev, Vladislav"]
[Result "1/2-1/2"]
[WhiteTitle "GM"]
[BlackTitle "IM"]
[WhiteElo "2680"]
[BlackElo "2524"]
[WhiteFideId "4162722"]
[BlackFideId "24101605"]
[EventDate "2013.06.06"]

1. e4 e6 2. d4 d5 3. Nc3 Bb4 4. e5 Ne7 5. a3 Bxc3+ 6. bxc3 b6 7. Qg4 Ng6 8. h4
h5 9. Qg3 Ba6 10. Bxa6 Nxa6 11. Ne2 Qd7 12. a4 Nb8 13. Qf3 Ne7 14. Nf4 g6 15. c4
Nbc6 16. cxd5 Nxd5 17. Ne2 Na5 18. Bg5 Qc6 19. O-O Qxc2 20. Rfc1 Qf5 21. Nf4 c6
22. Qa3 c5 23. Rxc5 bxc5 24. Qxc5 f6 25. Nxd5 exd5 26. Bxf6 Qd7 27. e6 Qxe6 28.
Bxh8 Nc4 29. Qb5+ Kf8 30. Qb7 Rc8 31. Qxa7 Qf7 32. Qxf7+ Kxf7 33. Be5 Ra8 34.
Bf4 Ra5 35. Bc7 Ra7 36. Bd8 Ra8 37. Bg5 Ra5 38. Rb1 Rxa4 39. Rb7+ Kg8 40. Rd7
Ra5 41. Kh2 Nb2 42. Bf6 Nd3 43. f3 Ra2 44. Kg3 Ne1 45. Kf4 Rxg2 46. Rxd5 Kf7 47.
Bg5 Rf2 48. Rd7+ Kf8 49. Ke3 Ra2 50. d5 Ra3+ 51. Ke4 Ra4+ 52. Ke5 Nxf3+ 53. Kf6
Ra6+ 54. d6 Ke8 55. Re7+ Kd8 56. Re6 Kd7 57. Re7+ Kd8 58. Kxg6 Rxd6+ 59. Kf7 Rd7
60. Rxd7+ Kxd7 61. Kg6 Nxh4+ 1/2-1/2

[Event "FIDE World Rapid 2013"]
[Site "Khanty-Mansiysk RUS"]
[Date "2013.06.06"]
[Round "1.13"]
[White "Rakhmanov, Aleksandr"]
[Black "Andreikin, Dmitry"]
[Result "1/2-1/2"]
[WhiteTitle "GM"]
[BlackTitle "GM"]
[WhiteElo "2602"]
[BlackElo "2713"]
[WhiteFideId "4173708"]
[BlackFideId "4158814"]
[EventDate "2013.06.06"]

1. e4 c5 2. Nf3 e6 3. d3 Nc6 4. g3 d5 5. Nbd2 Nge7 6. Bg2 g6 7. O-O Bg7 8. Re1
O-O 9. Qe2 e5 10. exd5 Nxd5 11. c3 Re8 12. Nc4 h6 13. Be3 Bf5 14. Rad1 b6 15.
Bc1 Qd7 16. Nfd2 Bg4 17. Bf3 Bxf3 18. Qxf3 f5 19. Nf1 Rad8 20. Nfe3 Nxe3 21.
Nxe3 Qe6 22. a3 Rd7 23. h4 Rf8 24. h5 g5 25. g4 fxg4 26. Qxg4 Qe8 27. Nf1 Rdf7
28. Re2 Ne7 29. Ng3 Nd5 30. Qc4 Qd7 31. Kf1 b5 32. Qb3 Kh8 33. Ke1 Rf3 34. c4
bxc4 35. Qxc4 Nb6 36. Qe4 Qb5 37. Be3 c4 38. Rc2 Qa5+ 39. Ke2 cxd3+ 40. Qxd3 Qa4
41. Qe4 Qb3 42. Qd3 Qf7 43. Ke1 e4 44. Qxe4 Re8 45. Qg6 Qe7 46. Re2 Rf6 47. Nf5
Rxg6 48. Nxe7 Re6 49. Nf5 Bf6 50. Nxh6 Nc4 51. Ng4 Bxb2 52. Rd7 Nxe3 53. fxe3
Bxa3 54. Rxa7 Bc5 55. Ra4 Bxe3 56. Nxe3 Rxe3 57. Rxe3 Rxe3+ 58. Kf2 Rh3 1/2-1/2

[Event "FIDE World Rapid 2013"]
[Site "Khanty-Mansiysk RUS"]
[Date "2013.06.06"]
[Round "1.14"]
[White "Akopian, Vladimir"]
[Black "Vasquez Schroeder, Rodrigo"]
[Result "1/2-1/2"]
[WhiteTitle "GM"]
[BlackTitle "GM"]
[WhiteElo "2691"]
[BlackElo "2542"]
[WhiteFideId "13300032"]
[BlackFideId "3400042"]
[EventDate "2013.06.06"]

1. e4 c5 2. Nf3 d6 3. c3 Nf6 4. Bd3 Bg4 5. O-O Nc6 6. Bc2 e6 7. d3 Be7 8. Nbd2
O-O 9. Re1 d5 10. Qe2 Qc7 11. h3 Bh5 12. Nf1 Rad8 13. Ng3 Bg6 14. Nh4 Bd6 15.
Nxg6 fxg6 16. Nf1 Bf4 17. Bxf4 Qxf4 18. Qe3 Qxe3 19. Nxe3 d4 20. Nf1 Kf7 21. a4
b6 22. Red1 Ke7 23. Nd2 Nd7 24. g3 g5 25. Nc4 Nde5 26. Nxe5 Nxe5 27. Kg2 Rd6 28.
Rd2 dxc3 29. bxc3 Rfd8 30. Rad1 Nc4 31. Re2 Nb2 32. Rb1 Nxd3 33. e5 Rd5 34. a5
Rb8 35. c4 Rd4 36. Bxd3 Rxd3 37. Reb2 Rd4 38. axb6 Rxb6 39. Rxb6 axb6 40. Rxb6
Rxc4 41. Rb7+ Kf8 42. Rc7 h5 43. Kf3 Rc3+ 44. Ke4 h4 45. gxh4 gxh4 46. Kf4 Rxh3
47. Rxc5 Rh2 48. Kf3 h3 49. Rc8+ Kf7 50. Rc7+ Kg6 51. Kg3 Rh1 52. Kh4 h2 53. Kh3
Rf1 54. Kxh2 Rxf2+ 55. Kg3 Rf5 56. Rc5 Kh5 57. Ra5 g5 58. Rb5 g4 59. Kg2 Kg5 60.
Ra5 Rf4 61. Ra1 Re4 62. Ra5 Kf4 63. Ra2 Rxe5 64. Rf2+ Kg5 65. Rf8 Rf5 66. Re8 e5
67. Kg3 Rf3+ 68. Kg2 Kf5 69. Rf8+ Ke4 70. Ra8 Rd3 71. Rg8 Rd2+ 72. Kg3 Rd1 73.
Rxg4+ Ke3 74. Kg2 Rd2+ 75. Kg3 e4 76. Rg8 Ke2 77. Ra8 e3 78. Ra1 Rc2 79. Kg2
Kd3+ 80. Kf3 Rf2+ 81. Kg3 Rc2 82. Kf3 Kd2 83. Kg2 Rc3 84. Kf3 Rc2 85. Kg2 Ke2
86. Kg3 Rb2 87. Kg2 Kd3+ 88. Kf3 Rf2+ 89. Kg3 Rb2 90. Kf3 Kd2 91. Kg2 Ke2 92.
Kg3 Rd2 93. Kg2 Rd1 94. Ra2+ Kd3 95. Ra3+ Ke4 96. Ra4+ Rd4 97. Ra8 Rd1 98. Ra4+
Kd3 99. Ra3+ Ke2 100. Ra2+ Rd2 101. Ra1 Rb2 102. Kg3 Kd3 103. Kf3 Rf2+ 104. Kg3
Rf8 105. Ra3+ Kd4 106. Ra4+ Kd3 107. Ra3+ Kd2 108. Ra2+ 1/2-1/2

[Event "FIDE World Rapid 2013"]
[Site "Khanty-Mansiysk RUS"]
[Date "2013.06.06"]
[Round "1.15"]
[White "Pridorozhni, Aleksei"]
[Black "Jakovenko, Dmitry"]
[Result "1/2-1/2"]
[WhiteTitle "GM"]
[BlackTitle "GM"]
[WhiteElo "2512"]
[BlackElo "2713"]
[WhiteFideId "4127870"]
[BlackFideId "4122356"]
[EventDate "2013.06.06"]

1. e4 c5 2. Nf3 e6 3. c4 Nc6 4. Be2 e5 5. d3 d6 6. Nc3 g6 7. O-O Bg7 8. a3 Nge7
9. b4 b6 10. b5 Nd4 11. Nxd4 exd4 12. Nd5 Nxd5 13. exd5 O-O 14. a4 a6 15. Bd2
Re8 16. Re1 Bf5 17. Bf1 Rxe1 18. Qxe1 Qd7 1/2-1/2

[Event "FIDE World Rapid 2013"]
[Site "Khanty-Mansiysk RUS"]
[Date "2013.06.06"]
[Round "1.16"]
[White "Grachev, Boris"]
[Black "Salem, A.R. Saleh"]
[Result "0-1"]
[WhiteTitle "GM"]
[BlackTitle "GM"]
[WhiteElo "2683"]
[BlackElo "2531"]
[WhiteFideId "4129199"]
[BlackFideId "9301348"]
[EventDate "2013.06.06"]

1. d4 Nf6 2. Nf3 g6 3. Nbd2 d5 4. e3 Bg7 5. b4 O-O 6. c4 c6 7. Be2 a5 8. b5 Be6
9. bxc6 Nxc6 10. O-O dxc4 11. Nxc4 Rc8 12. Nce5 Nxe5 13. Nxe5 Nd5 14. Bd2 Bxe5
15. dxe5 Nc3 16. Bxc3 Rxc3 17. a4 Qc7 18. Qb1 Rb3 19. Qc1 Qxe5 20. Rb1 Rd8 21.
Rxb3 Bxb3 22. Qa3 Bc2 23. Rc1 Rd2 24. Bf3 Rd3 25. Qa2 Rxe3 26. Rf1 Rc3 27. Bxb7
Bd3 28. Rd1 Rc2 29. Qd5 Rd2 30. Rc1 Qc3 31. Re1 Re2 32. Rf1 Re5 33. Qf3 Re1 34.
Qxd3 Qxd3 35. Rxe1 Qb3 36. Ba6 Qxa4 37. Rxe7 Qa1+ 38. Bf1 a4 39. g3 a3 40. Kg2
a2 41. Bc4 Qf6 0-1

[Event "FIDE World Rapid 2013"]
[Site "Khanty-Mansiysk RUS"]
[Date "2013.06.06"]
[Round "1.17"]
[White "Gordievsky, Dmitry"]
[Black "Khairullin, Ildar"]
[Result "0-1"]
[WhiteTitle "FM"]
[BlackTitle "GM"]
[WhiteElo "2474"]
[BlackElo "2658"]
[WhiteFideId "24112798"]
[BlackFideId "4151348"]
[EventDate "2013.06.06"]

1. d4 d5 2. c4 c6 3. Nc3 dxc4 4. e3 b5 5. a4 b4 6. Ne4 Qd5 7. Ng3 Nf6 8. Be2 e5
9. Nf3 exd4 10. exd4 Bd6 11. Nf1 c3 12. Ne3 cxb2 13. Bxb2 Qe6 14. O-O Nd5 15.
Nxd5 Qxd5 16. Rc1 O-O 17. Bc4 Qh5 18. d5 c5 19. h3 Nd7 20. a5 Bb7 21. Qa4 Rad8
22. Qa1 f6 23. Rfe1 Bxd5 24. Bxd5+ Qxd5 25. Rcd1 Qc6 26. Qa2+ Kh8 27. Qe6 Nb8
28. Qc4 Bc7 29. Rxd8 Bxd8 30. Re6 Qc7 31. a6 Nd7 32. h4 Nb6 33. Qe4 c4 34. Bd4
Qd7 35. h5 c3 36. h6 gxh6 37. g4 c2 38. Rc6 b3 39. Bb2 Qd5 40. Qxd5 Nxd5 41. Nd4
Nb4 42. Rc8 Nd3 43. Ba3 Be7 44. Rxf8+ Bxf8 0-1

[Event "FIDE World Rapid 2013"]
[Site "Khanty-Mansiysk RUS"]
[Date "2013.06.06"]
[Round "1.18"]
[White "Sargissian, Gabriel"]
[Black "Gundavaa, Bayarsaikhan"]
[Result "1-0"]
[WhiteTitle "GM"]
[BlackTitle "GM"]
[WhiteElo "2671"]
[BlackElo "2516"]
[WhiteFideId "13300881"]
[BlackFideId "4901045"]
[EventDate "2013.06.06"]

1. d4 Nf6 2. c4 e6 3. Nc3 Bb4 4. e3 O-O 5. Bd3 d5 6. Nf3 c5 7. O-O cxd4 8. exd4
dxc4 9. Bxc4 b6 10. Qe2 Bb7 11. Rd1 Nbd7 12. d5 Bxc3 13. dxe6 Bxf3 14. gxf3 fxe6
15. bxc3 Qc7 16. Bxe6+ Kh8 17. Qc4 Qb7 18. Bxd7 Nxd7 19. Qd5 Qxd5 20. Rxd5 Nc5
21. f4 Rad8 22. Rxd8 Rxd8 23. Be3 Rd3 24. Rc1 Kg8 25. Kf1 Kf7 26. Ke2 Rd6 27. c4
Kf6 28. h4 h5 29. Rg1 Ne6 30. Rb1 Nd4+ 31. Kf1 Nf5 32. c5 Nxe3+ 33. fxe3 bxc5
34. Rc1 Kf5 35. Rxc5+ Kg4 36. Ke2 Kxh4 37. Rg5 g6 38. Kf3 Kh3 39. f5 Rf6 40. e4 1-0

[Event "FIDE World Rapid 2013"]
[Site "Khanty-Mansiysk RUS"]
[Date "2013.06.06"]
[Round "1.19"]
[White "Al-Sayed, Mohammed"]
[Black "Le, Quang Liem"]
[Result "1/2-1/2"]
[WhiteTitle "GM"]
[BlackTitle "GM"]
[WhiteElo "2498"]
[BlackElo "2712"]
[WhiteFideId "12100196"]
[BlackFideId "12401137"]
[EventDate "2013.06.06"]

1. d4 Nf6 2. c4 g6 3. Nc3 d5 4. Nf3 Bg7 5. h4 dxc4 6. e4 c5 7. d5 b5 8. h5 b4 9.
h6 Bf8 10. Na4 Nxe4 11. Bxc4 Nd6 12. b3 Nxc4 13. bxc4 e5 14. Nxe5 Bd6 15. Bb2
O-O 16. O-O Qg5 17. f4 Qxh6 18. Nd3 Nd7 19. Qf3 f6 20. a3 a5 21. Qe3 Rf7 22.
Naxc5 bxa3 23. Bxa3 Nb6 24. Qe8+ Qf8 25. Qc6 Nxc4 26. Qxa8 Nxa3 27. Ne4 Bf5 28.
Qxf8+ Bxf8 29. Ndc5 Nc2 30. Rxa5 Ne3 31. Re1 Nxd5 32. Nd3 Nb4 33. Ndf2 Kg7 34.
Rea1 Nc6 35. Ra6 Nd4 36. g3 h5 37. Ra7 Re7 38. Rxe7+ Bxe7 39. Ra7 Kf8 40. Kg2
Be6 41. Nc3 Bb4 42. Ra8+ Ke7 43. Ra7+ Kf8 44. Ra8+ Ke7 45. Ra7+ Kf8 46. Ra8+ Ke7
47. Ra7+ 1/2-1/2

[Event "FIDE World Rapid 2013"]
[Site "Khanty-Mansiysk RUS"]
[Date "2013.06.06"]
[Round "1.20"]
[White "Movsesian, Sergei"]
[Black "Potapov, Pavel"]
[Result "1-0"]
[WhiteTitle "GM"]
[BlackTitle "IM"]
[WhiteElo "2699"]
[BlackElo "2460"]
[WhiteFideId "310204"]
[BlackFideId "4169786"]
[EventDate "2013.06.06"]

1. Nf3 Nf6 2. g3 d5 3. Bg2 c6 4. O-O Bf5 5. c4 e6 6. cxd5 exd5 7. d3 Be7 8. Nc3
O-O 9. Qb3 Qb6 10. Qc2 Nbd7 11. Be3 Qd8 12. Qb3 Nb6 13. a4 Rb8 14. a5 Nc8 15. a6
b6 16. Ne5 Qc7 17. Bf4 Bd6 18. d4 Ne7 19. Rac1 Qd8 20. Bg5 Bxe5 21. dxe5 Nd7 22.
Rfd1 Nc5 23. Qa3 h6 24. Bf4 Be6 25. b4 Nd7 26. e4 g5 27. Be3 Nxe5 28. Bd4 Nc4
29. Qa1 Qc7 30. b5 Rbc8 31. bxc6 Rfd8 32. Nb5 Qxc6 33. Nxa7 Qd7 34. Nxc8 Rxc8
35. Bh8 1-0

[Event "FIDE World Rapid 2013"]
[Site "Khanty-Mansiysk RUS"]
[Date "2013.06.06"]
[Round "1.21"]
[White "Cherniaev, Alexander"]
[Black "Cheparinov, Ivan"]
[Result "0-1"]
[WhiteTitle "GM"]
[BlackTitle "GM"]
[WhiteElo "2447"]
[BlackElo "2678"]
[WhiteFideId "4117301"]
[BlackFideId "2905540"]
[EventDate "2013.06.06"]

1. e4 c5 2. c3 d5 3. exd5 Qxd5 4. Na3 Nc6 5. Nf3 Nf6 6. Bc4 Qd8 7. O-O e6 8. Re1
Be7 9. Nc2 O-O 10. d4 Qc7 11. Bf1 b6 12. Bg5 Bb7 13. Bh4 Rad8 14. Qe2 Nd5 15.
Bxe7 Qxe7 16. g3 cxd4 17. Ncxd4 Nxd4 18. Nxd4 h6 19. Rad1 a6 20. c4 Nf6 21. b3
Qc5 22. Nc2 Qc6 23. f3 Qxf3 24. Qxf3 Bxf3 25. Rd4 Rxd4 26. Nxd4 Bb7 27. b4 Rd8
28. Nb3 Kf8 29. a4 Ne4 30. a5 bxa5 31. Nxa5 Ba8 32. Bg2 f5 33. c5 Bd5 34. c6 Ke7
35. Rc1 Nd6 36. Bf1 Ra8 37. Kf2 Kd8 38. Ke3 Kc7 39. Kd4 Rb8 40. Rb1 Nb5+ 41. Ke5
Nc3 42. Rb2 Na2 43. Kd4 0-1

[Event "FIDE World Rapid 2013"]
[Site "Khanty-Mansiysk RUS"]
[Date "2013.06.06"]
[Round "1.23"]
[White "Bezgodov, Alexei"]
[Black "Zvjaginsev, Vadim"]
[Result "0-1"]
[WhiteTitle "GM"]
[BlackTitle "GM"]
[WhiteElo "2482"]
[BlackElo "2659"]
[WhiteFideId "4105257"]
[BlackFideId "4113403"]
[EventDate "2013.06.06"]

1. e4 c5 2. Nf3 g6 3. d4 cxd4 4. Nxd4 Nc6 5. Nc3 Bg7 6. Be3 Nf6 7. Bc4 O-O 8.
Bb3 e6 9. Qd2 Ng4 10. Bg5 f6 11. Bh4 Bh6 12. Qd1 Nxd4 13. Qxd4 Qa5 14. Bg3 f5
15. exf5 gxf5 16. O-O f4 17. h3 Bg7 18. Qe4 d5 19. Qe2 fxg3 20. Qxg4 gxf2+ 21.
Rxf2 Rxf2 22. Kxf2 Qc5+ 23. Ke2 b6 24. Re1 Bd7 25. Kd1 Rf8 26. Bxd5 Qd6 27. Rxe6
Bxe6 28. Qxe6+ Qxe6 29. Bxe6+ Kh8 30. Bg4 Bxc3 31. bxc3 Rf2 32. Bf3 Kg7 33. Kc1
Kf6 34. Kb2 Ke5 35. Kb3 Kd6 36. h4 h6 37. h5 Ke5 38. a4 Kf4 39. Bd5 Kg5 40. a5
bxa5 41. c4 Kf6 42. c5 a4+ 43. Kxa4 Rxc2 44. Kb5 Ke5 45. Bf3 Rc1 46. Bb7 Kd4 47.
c6 Ke5 48. Bc8 Kd6 49. Bd7 Rc5+ 50. Ka6 Rxh5 51. Kxa7 Kc7 52. Ka6 Re5 53. g4 Rg5 0-1

[Event "FIDE World Rapid 2013"]
[Site "Khanty-Mansiysk RUS"]
[Date "2013.06.06"]
[Round "1.24"]
[White "Frolyanov, Dmitry"]
[Black "Kabanov, Nikolai"]
[Result "1-0"]
[WhiteTitle "GM"]
[BlackTitle "GM"]
[WhiteElo "2570"]
[BlackElo "2472"]
[WhiteFideId "4151976"]
[BlackFideId "4127820"]
[EventDate "2013.06.06"]

1. e4 c5 2. Nf3 Nc6 3. Bb5 d6 4. O-O Bd7 5. Re1 a6 6. Bxc6 Bxc6 7. d4 cxd4 8.
Nxd4 Nf6 9. Nc3 e6 10. Nd5 Nxd5 11. Nxe6 fxe6 12. exd5 Be7 13. dxc6 bxc6 14. Qg4
O-O 15. Qxe6+ Rf7 16. Be3 Qc8 17. Qxc8+ Rxc8 18. Rad1 d5 19. Rd3 Bf6 20. b3 Re7
21. Kf1 Rce8 22. Bd2 Rxe1+ 23. Bxe1 Kf7 24. Bc3 Rc8 25. Bxf6 Kxf6 26. Rd4 Ke5
27. Ra4 Ra8 28. Ra5 Kd6 29. b4 Kc7 30. a3 Kb6 31. Ke2 Re8+ 32. Kd2 Re4 33. Rc5
Rd4+ 34. Ke2 Re4+ 35. Kd3 Re1 36. g3 Rf1 37. Ke2 Ra1 38. Rc3 Kc7 39. h4 Kd6 40.
Rf3 Ke6 41. Kd2 h5 42. Rc3 Kd6 43. Ke2 Ra2 44. Ke3 Ra1 45. Kf4 Rf1 46. f3 Rg1
47. Rc5 Rg2 48. c4 d4 49. Rg5 d3 50. Rg6+ Ke7 51. Rxg7+ Ke8 52. Rg6 Ke7 53. c5
Ra2 54. Rxc6 Rxa3 55. Rd6 Ra4 56. Rxd3 Rxb4+ 57. Kg5 Rc4 58. Kxh5 Rxc5+ 59. Kg6 1-0

[Event "FIDE World Rapid 2013"]
[Site "Khanty-Mansiysk RUS"]
[Date "2013.06.06"]
[Round "1.25"]
[White "Akbaev, Kazbek"]
[Black "Bologan, Viktor"]
[Result "0-1"]
[WhiteTitle "IM"]
[BlackTitle "GM"]
[WhiteElo "2475"]
[BlackElo "2672"]
[WhiteFideId "4131045"]
[BlackFideId "13900048"]
[EventDate "2013.06.06"]

1. Nf3 g6 2. d4 Bg7 3. Bf4 d6 4. e3 Nd7 5. h3 e5 6. Bh2 Nh6 7. c3 O-O 8. Be2 f5
9. O-O Nf7 10. Na3 a6 11. Nc4 Qe7 12. Rc1 b6 13. a4 Bb7 14. Qb3 Rab8 15. Rfd1 e4
16. Nfd2 Nf6 17. Na3 Kh8 18. c4 g5 19. c5 bxc5 20. dxc5 d5 21. Qc2 Ne5 22. b4 f4
23. exf4 gxf4 24. Bxf4 d4 25. Bf1 d3 26. Qb1 Nfg4 27. Bg3 Nxf2 28. Re1 Qg5 29.
Bxf2 Rxf2 30. Nxe4 Rxf1+ 31. Kxf1 Qf4+ 32. Nf2 Rf8 33. Qa2 d2 0-1

[Event "FIDE World Rapid 2013"]
[Site "Khanty-Mansiysk RUS"]
[Date "2013.06.06"]
[Round "1.26"]
[White "Potkin, Vladimir"]
[Black "Nadanian, Ashot"]
[Result "1-0"]
[WhiteTitle "GM"]
[BlackTitle "IM"]
[WhiteElo "2647"]
[BlackElo "2428"]
[WhiteFideId "4131061"]
[BlackFideId "13300393"]
[EventDate "2013.06.06"]

1. d4 Nf6 2. c4 e5 3. dxe5 Ng4 4. Bf4 Nc6 5. Nf3 Bb4+ 6. Nbd2 Qe7 7. e3 Ngxe5 8.
Nxe5 Nxe5 9. Be2 O-O 10. O-O d6 11. a3 Bxd2 12. Qxd2 b6 13. b4 Bb7 14. Bg3 Nd7
15. Rfe1 a5 16. f3 Ra7 17. e4 Rfa8 18. Qc3 h5 19. Bf2 Qg5 20. h4 Qe5 21. Rac1
Qxc3 22. Rxc3 axb4 23. axb4 Ra2 24. c5 bxc5 25. bxc5 Nxc5 26. Bxc5 dxc5 27. Rxc5
Ba6 28. Bxa6 R8xa6 29. Rxh5 f6 30. Rc5 Rb2 31. Kh2 Raa2 32. Rg1 Rc2 33. Rxc2
Rxc2 34. Rd1 c5 35. Kg3 c4 36. Rd7 c3 37. Rc7 Kh7 38. f4 Rc1 39. Kg4 Kg6 40. h5+
Kh6 41. Kf5 c2 42. g4 Kh7 43. Rc8 1-0

[Event "FIDE World Rapid 2013"]
[Site "Khanty-Mansiysk RUS"]
[Date "2013.06.06"]
[Round "1.27"]
[White "Pasiev, Rakhim"]
[Black "Safarli, Eltaj"]
[Result "1/2-1/2"]
[WhiteTitle "IM"]
[BlackTitle "GM"]
[WhiteElo "2384"]
[BlackElo "2660"]
[WhiteFideId "24122475"]
[BlackFideId "13402129"]
[EventDate "2013.06.06"]

1. e4 c5 2. Nf3 d6 3. Nc3 Nf6 4. d4 cxd4 5. Nxd4 a6 6. Be2 e5 7. Nf3 Be7 8. O-O
O-O 9. Re1 Be6 10. Ng5 Bd7 11. h3 Qc7 12. Bf1 h6 13. Nf3 Be6 14. Nd5 Nxd5 15.
exd5 Bf5 16. c4 Nd7 17. a3 a5 18. b3 Bh7 19. Nd4 Qd8 20. Nb5 f5 21. Bb2 f4 22.
b4 b6 23. Bd3 Bxd3 24. Qxd3 Rf7 25. Rac1 Qb8 26. c5 bxc5 27. bxc5 Nxc5 28. Rxc5
dxc5 29. d6 Bf6 30. Bxe5 Bxe5 31. Rxe5 Qb7 32. Qc4 Kh8 33. Rxc5 Re8 34. Rc7 Rxc7
35. dxc7 Rc8 36. a4 f3 37. g3 Qb6 38. Qf7 Qc6 39. Kh2 Qe4 40. Qd7 Qc2 41. Qxc8+
Kh7 42. h4 Qxf2+ 43. Kh3 h5 44. Qf5+ g6 45. Qf7+ Kh6 46. Qf8+ Kh7 47. Qe7+ Kh6
48. Qf8+ Kh7 49. Qf7+ Kh6 50. Qf4+ Kh7 51. Qf7+ 1/2-1/2